000 00723nam a2200229 a 4500
003 DO-SdBNP
005 20220823092526.0
007 ta
008 220823e2021 dr ||||gr|||| 001 pdspa d
020 _a9789945933048
040 _aDO-SdBNP
_bspa
_cBNPHU
082 4 _222
_bG958e
245 1 0 _aEncarnando palabras. /
_cArnaldo Guillén Mejía; Prólogo, Niuvery Rojas Fenández.
260 _a[Santo Domingo] :
_bEl Gato,
_c2021
300 _a28 p. ;
_c19 cm.
500 _aIncluye datos biográficos del autor en la solapa de la cubierta.
590 _aInventariado 2022 / MF
650 4 _aPoesía
_xRepública Dominicana
_980897
650 4 _976127
_aPoesía Amorosa Dominicana
910 _aMFeliz
942 _2ddc
_cLBS1
999 _c52299
_d52299